000 00742nam a22002175i 4500
001 177641
003 ES-MaACL
005 20230906220359.0
008 110408s1965 sp ado |||| | spa d
080 _a669.18
100 1 _aGarcía Poggio, José Antonio.
_955126
245 1 0 _aAceros de alta resistencia /
_cpor José Antonio García Poggio.
260 _aMadrid :
_bMontecorvo,
_c1965.
300 _a283 p. :
_bil. bl. y n. ;
_c25 cm.
490 1 _aMonografías. Colección de estudios técnicos ;
_v8
504 _aIncluye referencias bibliográficas.
650 0 4 _aAcero.
_9146072
830 0 _aMonografías. Colección de estudios técnicos ;
_v8
_9190526
852 _aES-MaACL
_jE-14843
_xOlim P-251-bis
999 _c177641
_d177641